[Event "DSJ Weihnachtsturnier U16: Steinitz 2020"]
[Site ""]
[Date "2020.12.28"]
[Round "4"]
[White "Mehlhorn, David"]
[Black "Matthäi, Jakob"]
[Result "0-1"]
[Termination "normal"]
[Board "7.1"]
[WhiteElo "1557"]
[BlackElo "1919"]
[WhiteTeam "SGem Aschheim/Feldkirchen/Kirchheim"]
[BlackTeam "USG Chemnitz"]
[PlyCount "92"]
[WhiteFideId "34607757"]
[BlackFideId "16240421"]
[EventRounds "7"]
[EventType "team-swiss"]
[EventDate "2020.12.28"]

1. e4 {[%emt 0:00:31]} e5 {[%emt 0:00:04]} 2. Nf3 {[%emt 0:00:02]} Nc6 { [%emt
0:00:19]} 3. c3 {[%emt 0:00:02]} Nf6 {[%emt 0:00:45]} 4. d4 {[%emt 0:00:02]}
exd4 {[%emt 0:00:16]} 5. e5 {[%emt 0:00:02]} Qe7 {[%emt 0:00:15]} 6. cxd4
{[%emt 0:00:07]} d6 {[%emt 0:00:15]} 7. Bb5 {[%emt 0:00:22]} Bd7 {[%emt
0:01:06]} 8. O-O {[%emt 0:00:36]} dxe5 {[%emt 0:00:10]} 9. dxe5 {[%emt
0:00:00]} Nxe5 {[%emt 0:01:06]} 10. Nxe5 {[%emt 0:01:44]} Bxb5 {[%emt 0:00:05]}
11. Re1 { [%emt 0:00:01]} Rd8 {[%emt 0:00:47]} 12. Qb3 {[%emt 0:00:16]} Bc6
{[%emt 0:00:31]} 13. Bd2 {[%emt 0:00:47]} Bd5 {[%emt 0:00:19]} 14. Qa4+ {[%emt
0:00:11]} c6 {[%emt 0:00:34]} 15. Nxc6 {[%emt 0:00:06]} Bxc6 {[%emt 0:00:14]}
16. Rxe7+ { [%emt 0:00:05]} Bxe7 {[%emt 0:00:00]} 17. Qc2 {[%emt 0:01:01]} Nd5
{[%emt 0:00:53]} 18. Na3 {[%emt 0:00:31]} O-O {[%emt 0:00:11]} 19. Nc4 {[%emt
0:00:26]} Nb4 {[%emt 0:00:26]} 20. Bxb4 {[%emt 0:00:02]} Bxb4 {[%emt 0:00:00]}
21. a3 { [%emt 0:00:07]} Be7 {[%emt 0:00:03]} 22. Re1 {[%emt 0:00:10]} Bf6
{[%emt 0:00:08]} 23. Ne3 {[%emt 0:00:13]} Rfe8 {[%emt 0:00:07]} 24. h3 {[%emt
0:00:03]} Re6 {[%emt 0:00:12]} 25. Rc1 {[%emt 0:00:19]} Bg5 {[%emt 0:00:19]}
26. Qc5 { [%emt 0:00:22]} Bxe3 {[%emt 0:00:15]} 27. fxe3 {[%emt 0:00:00]} Rd2
{[%emt 0:00:01]} 28. Rc2 {[%emt 0:00:17]} Rxc2 {[%emt 0:00:07]} 29. Qxc2 {[%emt
0:00:00] } Rxe3 {[%emt 0:00:01]} 30. Qf2 {[%emt 0:00:06]} Re6 {[%emt 0:00:16]}
31. Qxa7 {[%emt 0:00:04]} g6 {[%emt 0:00:01]} 32. Qf2 {[%emt 0:00:15]} h5
{[%emt 0:00:19]} 33. b3 {[%emt 0:00:05]} Rd6 {[%emt 0:00:03]} 34. a4 {[%emt
0:00:38]} Rd3 { [%emt 0:00:08]} 35. Qb2 {[%emt 0:00:12]} Rg3 {[%emt 0:00:24]}
36. Kh2 {[%emt 0:00:05]} Rxg2+ {[%emt 0:00:02]} 37. Qxg2 {[%emt 0:00:00]} Bxg2
{[%emt 0:00:01]} 38. Kxg2 {[%emt 0:00:00]} Kf8 {[%emt 0:00:00]} 39. Kf3 {[%emt
0:00:01]} Ke7 { [%emt 0:00:01]} 40. Kf4 {[%emt 0:00:03]} Kd6 {[%emt 0:00:02]}
41. b4 {[%emt 0:00:05]} Kd5 {[%emt 0:00:04]} 42. Kg5 {[%emt 0:00:22]} Kc4
{[%emt 0:00:01]} 43. b5 {[%emt 0:00:01]} Kb4 {[%emt 0:00:02]} 44. Kf6 {[%emt
0:00:09]} Kxa4 { [%emt 0:00:02]} 45. Kxf7 {[%emt 0:00:01]} g5 {[%emt 0:00:01]}
46. Kg6 {[%emt 0:00:06]} g4 {[%emt 0:00:01]} 0-1

[Event "DSJ Weihnachtsturnier U16: Steinitz 2020"]
[Site ""]
[Date "2020.12.28"]
[Round "4"]
[White "Ehrig, Leon Chris"]
[Black "Centgraf, Andra's"]
[Result "0-1"]
[Termination "time forfeit"]
[Board "7.2"]
[WhiteElo "1685"]
[BlackElo "1415"]
[WhiteTeam "USG Chemnitz"]
[BlackTeam "SGem Aschheim/Feldkirchen/Kirchheim"]
[PlyCount "78"]
[WhiteFideId "16244796"]
[BlackFideId "34611177"]
[EventRounds "7"]
[EventType "team-swiss"]
[EventDate "2020.12.28"]

1. e4 {[%emt 0:00:24]} c5 {[%emt 0:00:02]} 2. d4 {[%emt 0:00:05]} cxd4 { [%emt
0:00:02]} 3. c3 {[%emt 0:00:06]} dxc3 {[%emt 0:00:04]} 4. Nxc3 {[%emt 0:00:00]}
e6 {[%emt 0:00:06]} 5. Nf3 {[%emt 0:00:04]} Be7 {[%emt 0:00:20]} 6. Bc4 {[%emt
0:00:13]} Nc6 {[%emt 0:00:16]} 7. O-O {[%emt 0:00:06]} Nf6 {[%emt 0:00:24]} 8.
Bf4 {[%emt 0:00:11]} O-O {[%emt 0:00:06]} 9. Qe2 {[%emt 0:00:05]} Ne8 { [%emt
0:00:14]} 10. Rfd1 {[%emt 0:00:35]} h6 {[%emt 0:00:08]} 11. Rac1 { [%emt
0:00:13]} d6 {[%emt 0:00:09]} 12. Nb5 {[%emt 0:00:14]} Na5 {[%emt 0:00:19]} 13.
Bd3 {[%emt 0:00:30]} e5 {[%emt 0:00:06]} 14. Be3 {[%emt 0:00:11]} a6 { [%emt
0:00:06]} 15. Nc3 {[%emt 0:00:03]} Nc6 {[%emt 0:00:13]} 16. Bb1 {[%emt
0:00:08]} Be6 {[%emt 0:00:29]} 17. Nd5 {[%emt 0:00:12]} Rc8 {[%emt 0:00:10]}
18. a3 {[%emt 0:00:31]} Bxd5 {[%emt 0:00:09]} 19. exd5 {[%emt 0:00:06]} Nb8 {
[%emt 0:00:01]} 20. Rxc8 {[%emt 0:01:01]} Qxc8 {[%emt 0:00:03]} 21. Rc1 { [%emt
0:00:01]} Qd8 {[%emt 0:00:10]} 22. Qd2 {[%emt 0:00:07]} Nd7 {[%emt 0:00:15]}
23. Rc4 {[%emt 0:01:13]} b5 {[%emt 0:01:06]} 24. Rg4 {[%emt 0:00:23]} f5 {
[%emt 0:00:06]} 25. Rg6 {[%emt 0:01:07]} Kh7 {[%emt 0:00:21]} 26. Rg3 {[%emt
0:00:38]} Bh4 {[%emt 0:00:28]} 27. Rh3 {[%emt 0:00:16]} Be7 {[%emt 0:00:09]}
28. Bxh6 {[%emt 0:00:03]} Kg8 {[%emt 0:00:10]} 29. Bg5 {[%emt 0:00:15]} e4 {
[%emt 0:00:09]} 30. Bxe7 {[%emt 0:00:09]} Qxe7 {[%emt 0:00:02]} 31. Nd4 { [%emt
0:00:34]} Ne5 {[%emt 0:00:07]} 32. Nc6 {[%emt 0:00:08]} Nxc6 {[%emt 0:00:09]}
33. dxc6 {[%emt 0:00:00]} Qe6 {[%emt 0:00:20]} 34. b4 {[%emt 0:00:04]} d5
{[%emt 0:00:21]} 35. Ba2 {[%emt 0:00:21]} Nc7 {[%emt 0:00:05]} 36. Rc3 { [%emt
0:00:21]} Rd8 {[%emt 0:00:13]} 37. Rc5 {[%emt 0:00:05]} Kf8 {[%emt 0:00:30]}
38. Qg5 {[%emt 0:00:09]} Qf6 {[%emt 0:00:08]} 39. Qh5 {[%emt 0:00:07]} Qa1+
{[%emt 0:00:18] TimeW} 0-1

[Event "DSJ Weihnachtsturnier U16: Steinitz 2020"]
[Site ""]
[Date "2020.12.28"]
[Round "4"]
[White "Müller, Fabian"]
[Black "Lorenz, Jakob"]
[Result "0-1"]
[Termination "normal"]
[Board "7.3"]
[WhiteElo "1205"]
[BlackElo "1575"]
[WhiteTeam "SGem Aschheim/Feldkirchen/Kirchheim"]
[BlackTeam "USG Chemnitz"]
[PlyCount "22"]
[WhiteFideId "34607846"]
[BlackFideId "16259475"]
[EventRounds "7"]
[EventType "team-swiss"]
[EventDate "2020.12.28"]

1. d4 {[%emt 0:00:03]} d5 {[%emt 0:00:11]} 2. Bf4 {[%emt 0:00:02]} Bf5 { [%emt
0:00:04]} 3. Nf3 {[%emt 0:00:04]} Nf6 {[%emt 0:00:04]} 4. e3 {[%emt 0:00:03]}
e6 {[%emt 0:00:02]} 5. c4 {[%emt 0:00:02]} c5 {[%emt 0:00:02]} 6. cxd5 { [%emt
0:00:07]} Nxd5 {[%emt 0:00:12]} 7. Bg3 {[%emt 0:00:15]} Nc6 {[%emt 0:00:20]} 8.
Nc3 {[%emt 0:00:09]} cxd4 {[%emt 0:00:18]} 9. Nxd5 {[%emt 0:00:04]} Qxd5 {[%emt
0:00:09]} 10. exd4 {[%emt 0:00:03]} Bb4+ {[%emt 0:00:06]} 11. Ke2 { [%emt
0:00:13]} Qe4# {[%emt 0:00:09]} 0-1

[Event "DSJ Weihnachtsturnier U16: Steinitz 2020"]
[Site ""]
[Date "2020.12.28"]
[Round "4"]
[White "Dickel, Karl-Joachim"]
[Black "El Sewisy, Aiman"]
[Result "0-1"]
[Termination "normal"]
[Board "7.4"]
[WhiteElo "1244"]
[BlackElo "1039"]
[WhiteTeam "USG Chemnitz"]
[BlackTeam "SGem Aschheim/Feldkirchen/Kirchheim"]
[PlyCount "108"]
[WhiteFideId "34630120"]
[BlackFideId "34607803"]
[EventRounds "7"]
[EventType "team-swiss"]
[EventDate "2020.12.28"]

1. e4 {[%emt 0:00:01]} c5 {[%emt 0:00:07]} 2. Nf3 {[%emt 0:00:02]} Nc6 { [%emt
0:00:02]} 3. d4 {[%emt 0:00:01]} cxd4 {[%emt 0:00:03]} 4. Nxd4 {[%emt 0:00:01]}
g6 {[%emt 0:00:01]} 5. Nc3 {[%emt 0:00:02]} Bg7 {[%emt 0:00:01]} 6. Be3 {[%emt
0:00:01]} Nf6 {[%emt 0:00:02]} 7. Be2 {[%emt 0:00:03]} O-O {[%emt 0:00:02]} 8.
O-O {[%emt 0:00:05]} d5 {[%emt 0:00:14]} 9. exd5 {[%emt 0:00:16]} Nxd5 {[%emt
0:00:30]} 10. Nxd5 {[%emt 0:00:23]} Qxd5 {[%emt 0:00:05]} 11. c3 { [%emt
0:00:09]} Nxd4 {[%emt 0:01:05]} 12. Bxd4 {[%emt 0:00:05]} Bxd4 {[%emt 0:00:21]}
13. Qxd4 {[%emt 0:00:03]} Qxd4 {[%emt 0:00:02]} 14. cxd4 {[%emt 0:00:02]} Bf5
{[%emt 0:00:07]} 15. Rfd1 {[%emt 0:00:09]} Rfd8 {[%emt 0:00:22]} 16. Rac1
{[%emt 0:00:23]} Rac8 {[%emt 0:00:07]} 17. Rxc8 {[%emt 0:00:11]} Rxc8 { [%emt
0:00:01]} 18. d5 {[%emt 0:00:04]} Rc2 {[%emt 0:00:07]} 19. Bc4 {[%emt 0:00:29]}
Rxc4 {[%emt 0:00:08]} 20. b3 {[%emt 0:00:05]} Rc2 {[%emt 0:00:05]} 21. a3
{[%emt 0:00:03]} Rc3 {[%emt 0:00:09]} 22. h3 {[%emt 0:00:10]} Rxb3 {[%emt
0:00:05]} 23. d6 {[%emt 0:00:01]} exd6 {[%emt 0:00:17]} 24. Rxd6 {[%emt
0:00:02]} Rxa3 {[%emt 0:00:08]} 25. Rd5 {[%emt 0:00:14]} a5 {[%emt 0:00:18]}
26. g4 { [%emt 0:00:04]} Be6 {[%emt 0:00:11]} 27. Rb5 {[%emt 0:00:19]} Ra1+
{[%emt 0:00:04]} 28. Kh2 {[%emt 0:00:03]} a4 {[%emt 0:00:02]} 29. Rxb7 {[%emt
0:00:09]} a3 {[%emt 0:00:02]} 30. Ra7 {[%emt 0:00:08]} a2 {[%emt 0:00:02]} 31.
Kg3 {[%emt 0:00:05]} Rg1+ {[%emt 0:00:02]} 32. Kf3 {[%emt 0:00:06]} a1=Q {[%emt
0:00:02]} 33. Rxa1 {[%emt 0:00:03]} Rxa1 {[%emt 0:00:02]} 34. Kg2 {[%emt
0:00:03]} f5 { [%emt 0:00:03]} 35. gxf5 {[%emt 0:00:05]} Bxf5 {[%emt 0:00:01]}
36. f3 { [%emt 0:00:01]} Ra2+ {[%emt 0:00:03]} 37. Kg3 {[%emt 0:00:02]} Ra1
{[%emt 0:00:01]} 38. Kg2 {[%emt 0:00:04]} h5 {[%emt 0:00:02]} 39. h4 {[%emt
0:00:02]} Ra2+ {[%emt 0:00:02]} 40. Kg3 {[%emt 0:00:03]} Kf7 {[%emt 0:00:02]}
41. f4 {[%emt 0:00:06]} Ra3+ {[%emt 0:00:01]} 42. Kf2 {[%emt 0:00:01]} Rh3
{[%emt 0:00:01]} 43. Kg2 {[%emt 0:00:01]} Rxh4 {[%emt 0:00:01]} 44. Kg3 {[%emt
0:00:01]} Rg4+ { [%emt 0:00:02]} 45. Kf2 {[%emt 0:00:02]} h4 {[%emt 0:00:01]}
46. Kf1 {[%emt 0:00:02]} h3 {[%emt 0:00:01]} 47. Kf2 {[%emt 0:00:02]} h2 {[%emt
0:00:02]} 48. Ke3 {[%emt 0:00:01]} h1=Q {[%emt 0:00:05]} 49. Kd2 {[%emt
0:00:02]} Qg2+ { [%emt 0:00:04]} 50. Kc3 {[%emt 0:00:03]} Qf3+ {[%emt 0:00:02]}
51. Kd2 { [%emt 0:00:02]} Rg2+ {[%emt 0:00:01]} 52. Ke1 {[%emt 0:00:05]} Qg3+
{[%emt 0:00:05]} 53. Kd1 {[%emt 0:00:06]} Rg1+ {[%emt 0:00:04]} 54. Kd2 {[%emt
0:00:08]} Qd3# {[%emt 0:00:02]} 0-1

[Event "DSJ Weihnachtsturnier U16: Steinitz 2020"]
[Site ""]
[Date "2020.12.28"]
[Round "4"]
[White "Abed, Karim"]
[Black "Kühn von Burgsdorff, Johannes"]
[Result "0-1"]
[Termination "normal"]
[Board "8.2"]
[WhiteElo "1626"]
[BlackElo "1568"]
[WhiteTeam "SV Königsjäger Süd-West"]
[BlackTeam "SF 90 Spraitbach"]
[PlyCount "132"]
[WhiteFideId "16242785"]
[BlackFideId "16234960"]
[EventRounds "7"]
[EventType "team-swiss"]
[EventDate "2020.12.28"]

1. d4 {[%emt 0:00:10]} d5 {[%emt 0:00:04]} 2. c4 {[%emt 0:00:05]} Nc6 {[%emt
0:00:03]} 3. Nc3 {[%emt 0:00:30]} Nf6 {[%emt 0:00:02]} 4. cxd5 {[%emt 0:00:06]}
Nxd5 {[%emt 0:00:03]} 5. e4 {[%emt 0:00:02]} Nxc3 {[%emt 0:00:01]} 6. bxc3 {
[%emt 0:00:00]} e5 {[%emt 0:00:01]} 7. Bb5 {[%emt 0:00:04]} Bd7 {[%emt 0:00:39]
} 8. Nf3 {[%emt 0:01:15]} Bd6 {[%emt 0:01:37]} 9. O-O {[%emt 0:01:18]} O-O {
[%emt 0:00:08]} 10. Bxc6 {[%emt 0:00:28]} Bxc6 {[%emt 0:00:04]} 11. dxe5 {
[%emt 0:00:04]} Bc5 {[%emt 0:00:01]} 12. Qe2 {[%emt 0:00:12]} Qe7 {[%emt
0:00:45]} 13. Bg5 {[%emt 0:00:17]} Qe6 {[%emt 0:00:04]} 14. Bf4 {[%emt
0:00:05]} Rad8 {[%emt 0:00:17]} 15. Rfd1 {[%emt 0:00:51]} Qg4 {[%emt 0:00:36]}
16. g3 { [%emt 0:01:17]} h6 {[%emt 0:01:32]} 17. Kg2 {[%emt 0:00:14]} g5 {[%emt
0:00:02] } 18. h3 {[%emt 0:00:10]} Qe6 {[%emt 0:00:28]} 19. Be3 {[%emt
0:00:17]} Bxe3 { [%emt 0:00:22]} 20. Qxe3 {[%emt 0:00:00]} f5 {[%emt 0:00:46]}
21. Rxd8 { [%emt 0:00:38]} Rxd8 {[%emt 0:00:04]} 22. Nxg5 {[%emt 0:00:02]} Qg6
{[%emt 0:00:53]} 23. Nf3 {[%emt 0:00:15]} Bxe4 {[%emt 0:00:09]} 24. Kh2 {[%emt
0:00:41]} Rd3 {[%emt 0:00:06]} 25. Nh4 {[%emt 0:00:12]} Qg5 {[%emt 0:01:10]}
26. Qc5 { [%emt 0:00:45]} Rd2 {[%emt 0:00:40]} 27. e6 {[%emt 0:00:38]} f4
{[%emt 0:00:11] } 28. Qxg5+ {[%emt 0:00:10]} hxg5 {[%emt 0:00:00]} 29. gxf4
{[%emt 0:00:03]} gxh4 {[%emt 0:00:02]} 30. Kg1 {[%emt 0:00:03]} Bf5 {[%emt
0:00:04]} 31. Re1 { [%emt 0:00:03]} Rd8 {[%emt 0:00:02]} 32. e7 {[%emt
0:00:02]} Re8 {[%emt 0:00:01]} 33. Re5 {[%emt 0:00:03]} Bxh3 {[%emt 0:00:01]}
34. Kh2 {[%emt 0:00:01]} Bd7 {[%emt 0:00:02]} 35. Rg5+ {[%emt 0:00:01]} Kf7
{[%emt 0:00:02]} 36. Rh5 { [%emt 0:00:01]} Rxe7 {[%emt 0:00:03]} 37. Rxh4
{[%emt 0:00:01]} Re2 {[%emt 0:00:01]} 38. Kg3 {[%emt 0:00:02]} Rxa2 {[%emt
0:00:02]} 39. Kf3 {[%emt 0:00:02]} Ra3 {[%emt 0:00:02]} 40. Ke2 {[%emt
0:00:01]} Rxc3 {[%emt 0:00:01]} 41. Rh7+ { [%emt 0:00:02]} Ke6 {[%emt 0:00:04]}
42. f5+ {[%emt 0:00:01]} Kd6 {[%emt 0:00:01]} 43. Rh6+ {[%emt 0:00:01]} Ke5
{[%emt 0:00:03]} 44. f6 {[%emt 0:00:03]} Rc4 {[%emt 0:00:04]} 45. f7 {[%emt
0:00:03]} Rf4 {[%emt 0:00:01]} 46. Rh5+ { [%emt 0:00:03]} Ke6 {[%emt 0:00:03]}
47. Ke3 {[%emt 0:00:04]} Rxf7 {[%emt 0:00:01]} 48. Rh6+ {[%emt 0:00:01]} Rf6
{[%emt 0:00:01]} 49. Rh7 {[%emt 0:00:02]} Rf5 {[%emt 0:00:03]} 50. Rh6+ {[%emt
0:00:02]} Kd5 {[%emt 0:00:01]} 51. Rh7 { [%emt 0:00:03]} Kd6 {[%emt 0:00:02]}
52. Rh6+ {[%emt 0:00:02]} Be6 {[%emt 0:00:00]} 53. f4 {[%emt 0:00:01]} Ra5
{[%emt 0:00:01]} 54. Ke4 {[%emt 0:00:06]} Ra4+ {[%emt 0:00:02]} 55. Kf3 {[%emt
0:00:01]} Ra3+ {[%emt 0:00:02]} 56. Kf2 { [%emt 0:00:02]} Ra5 {[%emt 0:00:03]}
57. Ke3 {[%emt 0:00:02]} Rf5 {[%emt 0:00:01]} 58. Kf3 {[%emt 0:00:01]} a5
{[%emt 0:00:01]} 59. Ke4 {[%emt 0:00:01]} b5 { [%emt 0:00:03]} 60. Rh7 {[%emt
0:00:02]} a4 {[%emt 0:00:03]} 61. Rh3 {[%emt 0:00:02]} Rd5 {[%emt 0:00:02]} 62.
Rh6 {[%emt 0:00:02]} a3 {[%emt 0:00:01]} 63. Rh3 {[%emt 0:00:02]} b4 {[%emt
0:00:01]} 64. Rb3 {[%emt 0:00:03]} Rd4+ { [%emt 0:00:02]} 65. Kxd4 {[%emt
0:00:01]} Bxb3 {[%emt 0:00:00]} 66. f5 { [%emt 0:00:01]} a2 {[%emt 0:00:02]}
0-1

[Event "DSJ Weihnachtsturnier U16: Steinitz 2020"]
[Site ""]
[Date "2020.12.28"]
[Round "4"]
[White "Baumann, Lucas"]
[Black "Sohr, Jim"]
[Result "0-1"]
[Termination "normal"]
[Board "8.3"]
[WhiteElo "866"]
[BlackElo "1726"]
[WhiteTeam "SF 90 Spraitbach"]
[BlackTeam "SV Königsjäger Süd-West"]
[PlyCount "52"]
[BlackFideId "16245105"]
[EventRounds "7"]
[EventType "team-swiss"]
[EventDate "2020.12.28"]

1. e4 {[%emt 0:00:50]} e5 {[%emt 0:00:07]} 2. Nf3 {[%emt 0:00:07]} Nc6 { [%emt
0:00:03]} 3. d3 {[%emt 0:00:11]} Bc5 {[%emt 0:00:09]} 4. g3 {[%emt 0:00:12]} d6
{[%emt 0:00:08]} 5. Bg2 {[%emt 0:00:06]} Nf6 {[%emt 0:00:25]} 6. Nc3 { [%emt
0:00:03]} a6 {[%emt 0:00:37]} 7. a3 {[%emt 0:00:58]} h6 {[%emt 0:00:04]} 8. O-O
{[%emt 0:00:26]} O-O {[%emt 0:00:02]} 9. b4 {[%emt 0:00:06]} Ba7 { [%emt
0:00:18]} 10. b5 {[%emt 0:00:45]} axb5 {[%emt 0:00:10]} 11. Nxb5 { [%emt
0:00:02]} Bc5 {[%emt 0:00:19]} 12. Nh4 {[%emt 0:00:39]} Ne7 {[%emt 0:00:50]}
13. a4 {[%emt 0:01:13]} Nd7 {[%emt 0:01:02]} 14. Nf5 {[%emt 0:00:17]} Nxf5
{[%emt 0:00:52]} 15. exf5 {[%emt 0:00:06]} c6 {[%emt 0:00:03]} 16. Nc3 { [%emt
0:00:09]} Bd4 {[%emt 0:00:21]} 17. Ra3 {[%emt 0:00:28]} Bxc3 {[%emt 0:00:36]}
18. Rxc3 {[%emt 0:00:03]} Rxa4 {[%emt 0:00:06]} 19. Ba3 {[%emt 0:00:05]} Nf6
{[%emt 0:00:23]} 20. g4 {[%emt 0:01:00]} Nxg4 {[%emt 0:00:55]} 21. Be4 { [%emt
0:01:05]} Qh4 {[%emt 0:00:36]} 22. Qxg4 {[%emt 0:00:51]} Qxg4+ {[%emt 0:00:03]}
23. Bg2 {[%emt 0:00:11]} Bxf5 {[%emt 0:00:12]} 24. Bxd6 {[%emt 0:00:10] } Qg6
{[%emt 0:00:26]} 25. Bxf8 {[%emt 0:00:08]} Bh3 {[%emt 0:00:11]} 26. Rd1 { [%emt
0:00:35]} Qxg2# {[%emt 0:00:04]} 0-1

[Event "DSJ Weihnachtsturnier U16: Steinitz 2020"]
[Site ""]
[Date "2020.12.28"]
[Round "4"]
[White "Boissel, Kasimir"]
[Black "Abele, Moritz"]
[Result "1-0"]
[Termination "normal"]
[Board "8.4"]
[WhiteElo "1781"]
[BlackElo "766"]
[WhiteTeam "SV Königsjäger Süd-West"]
[BlackTeam "SF 90 Spraitbach"]
[PlyCount "49"]
[WhiteFideId "16298209"]
[EventRounds "7"]
[EventType "team-swiss"]
[EventDate "2020.12.28"]

1. d4 {[%emt 0:00:04]} d5 {[%emt 0:00:07]} 2. Nf3 {[%emt 0:00:03]} Bf5 { [%emt
0:00:06]} 3. c3 {[%emt 0:00:04]} e6 {[%emt 0:00:04]} 4. e3 {[%emt 0:00:02]} Nh6
{[%emt 0:00:12]} 5. Bd3 {[%emt 0:00:04]} Bxd3 {[%emt 0:00:05]} 6. Qxd3 {[%emt
0:00:03]} Nc6 {[%emt 0:00:21]} 7. Nbd2 {[%emt 0:00:03]} Qf6 {[%emt 0:00:29]} 8.
e4 {[%emt 0:00:10]} dxe4 {[%emt 0:00:06]} 9. Nxe4 {[%emt 0:00:02]} Qf5 {[%emt
0:00:07]} 10. Bxh6 {[%emt 0:00:21]} gxh6 {[%emt 0:00:05]} 11. O-O-O { [%emt
0:00:06]} Bg7 {[%emt 0:00:19]} 12. Ng3 {[%emt 0:00:22]} Qxd3 {[%emt 0:00:03]}
13. Rxd3 {[%emt 0:00:02]} b5 {[%emt 0:00:13]} 14. d5 {[%emt 0:00:17]} exd5
{[%emt 0:00:04]} 15. Re1+ {[%emt 0:00:17]} Kf8 {[%emt 0:00:05]} 16. Rxd5 {
[%emt 0:00:07]} b4 {[%emt 0:00:03]} 17. c4 {[%emt 0:00:13]} a5 {[%emt 0:00:28]}
18. Nh5 {[%emt 0:00:19]} b3 {[%emt 0:00:20]} 19. axb3 {[%emt 0:00:17]} Nb4 {
[%emt 0:00:09]} 20. Rd7 {[%emt 0:00:34]} Na2+ {[%emt 0:00:14]} 21. Kb1 { [%emt
0:00:12]} Nb4 {[%emt 0:00:06]} 22. Ree7 {[%emt 0:00:23]} Re8 {[%emt 0:00:09]}
23. Rxf7+ {[%emt 0:00:03]} Kg8 {[%emt 0:00:21]} 24. Rxg7+ {[%emt 0:00:05]} Kf8
{[%emt 0:00:02]} 25. Rdf7# {[%emt 0:00:02]} 1-0

[Event "DSJ Weihnachtsturnier U16: Steinitz 2020"]
[Site ""]
[Date "2020.12.28"]
[Round "4"]
[White "Gold, Michael"]
[Black "Gold, Jan Christian"]
[Result "1-0"]
[Termination "normal"]
[Board "9.1"]
[WhiteElo "1408"]
[BlackElo "1638"]
[WhiteTeam "SK Kelheim 1920"]
[BlackTeam "SK Bad Homburg 1927"]
[PlyCount "99"]
[WhiteFideId "34605169"]
[BlackFideId "16298128"]
[EventRounds "7"]
[EventType "team-swiss"]
[EventDate "2020.12.28"]

1. e4 {[%emt 0:02:41]} e6 {[%emt 0:00:04]} 2. d4 {[%emt 0:00:03]} d5 {[%emt
0:00:00]} 3. exd5 {[%emt 0:00:20]} exd5 {[%emt 0:00:06]} 4. c3 {[%emt 0:00:02]}
Nf6 {[%emt 0:00:04]} 5. Nf3 {[%emt 0:00:03]} Bd6 {[%emt 0:00:03]} 6. Bd3 {
[%emt 0:00:10]} O-O {[%emt 0:00:05]} 7. O-O {[%emt 0:00:03]} c6 {[%emt 0:00:11]
} 8. Re1 {[%emt 0:00:09]} Bg4 {[%emt 0:00:16]} 9. Bg5 {[%emt 0:00:21]} Nbd7 {
[%emt 0:00:07]} 10. Nbd2 {[%emt 0:00:04]} Qc7 {[%emt 0:00:07]} 11. h3 {[%emt
0:00:15]} Bh5 {[%emt 0:00:05]} 12. Qc2 {[%emt 0:00:05]} Bg6 {[%emt 0:00:12]}
13. Bxg6 {[%emt 0:00:09]} hxg6 {[%emt 0:00:00]} 14. c4 {[%emt 0:00:10]} dxc4 {
[%emt 0:00:19]} 15. Nxc4 {[%emt 0:00:05]} Nd5 {[%emt 0:00:14]} 16. Rad1 { [%emt
0:00:12]} Bf4 {[%emt 0:00:09]} 17. Bxf4 {[%emt 0:00:06]} Qxf4 {[%emt 0:00:00]}
18. Re4 {[%emt 0:00:10]} Qf6 {[%emt 0:00:33]} 19. Rde1 {[%emt 0:00:07]} N7b6
{[%emt 0:01:02]} 20. Ne3 {[%emt 0:00:44]} Nxe3 {[%emt 0:00:19]} 21. R4xe3
{[%emt 0:00:11]} Rad8 {[%emt 0:00:52]} 22. Re7 {[%emt 0:00:08]} Nd5 {[%emt
0:00:07]} 23. Rxb7 {[%emt 0:00:08]} Ra8 {[%emt 0:00:29]} 24. Rc1 {[%emt
0:00:15]} Rfc8 {[%emt 0:00:20]} 25. Ne5 {[%emt 0:00:20]} a5 {[%emt 0:00:56]}
26. Rxf7 { [%emt 0:00:14]} Qg5 {[%emt 0:00:38]} 27. Nf3 {[%emt 0:00:58]} Qxc1+
{[%emt 0:00:30]} 28. Qxc1 {[%emt 0:00:03]} Kxf7 {[%emt 0:00:00]} 29. Ne5+
{[%emt 0:00:09]} Kf6 {[%emt 0:00:07]} 30. h4 {[%emt 0:00:17]} Rf8 {[%emt
0:00:26]} 31. Qg5+ {[%emt 0:00:03]} Ke6 {[%emt 0:00:01]} 32. Qxg6+ {[%emt
0:00:07]} Rf6 {[%emt 0:00:01]} 33. Qxg7 {[%emt 0:00:04]} Nb6 {[%emt 0:00:12]}
34. h5 {[%emt 0:00:14]} Raf8 {[%emt 0:00:11]} 35. f3 {[%emt 0:00:08]} c5 {[%emt
0:00:44]} 36. h6 { [%emt 0:00:45]} cxd4 {[%emt 0:00:31]} 37. Ng4 {[%emt
0:00:16]} R6f7 {[%emt 0:00:02]} 38. Qg6+ {[%emt 0:00:07]} Ke7 {[%emt 0:00:14]}
39. Qxb6 {[%emt 0:00:05] } d3 {[%emt 0:00:08]} 40. Qe3+ {[%emt 0:00:09]} Kd6
{[%emt 0:00:06]} 41. Qxd3+ {[%emt 0:00:04]} Kc7 {[%emt 0:00:03]} 42. h7 {[%emt
0:00:10]} Rh8 {[%emt 0:00:06]} 43. Qc3+ {[%emt 0:00:04]} Kb7 {[%emt 0:00:04]}
44. Qxh8 {[%emt 0:00:02]} a4 {[%emt 0:00:00]} 45. Qg8 {[%emt 0:00:07]} a3
{[%emt 0:00:00]} 46. b3 { [%emt 0:00:02]} Rd7 {[%emt 0:00:16]} 47. h8=Q {[%emt
0:00:05]} Ka6 {[%emt 0:00:04]} 48. Qe6+ {[%emt 0:00:03]} Ka5 {[%emt 0:00:04]}
49. Qhe5+ {[%emt 0:00:03]} Kb4 {[%emt 0:00:00]} 50. Qc4# {[%emt 0:00:02]} 1-0

[Event "DSJ Weihnachtsturnier U16: Steinitz 2020"]
[Site ""]
[Date "2020.12.28"]
[Round "4"]
[White "Goetz, Fenja"]
[Black "Bangsa, Pandu"]
[Result "1-0"]
[Termination "normal"]
[Board "9.2"]
[WhiteElo "1626"]
[BlackElo "1457"]
[WhiteTeam "SK Bad Homburg 1927"]
[BlackTeam "SK Kelheim 1920"]
[PlyCount "30"]
[WhiteFideId "16250516"]
[BlackFideId "16297873"]
[EventRounds "7"]
[EventType "team-swiss"]
[EventDate "2020.12.28"]

1. e4 {[%emt 0:00:02]} e5 {[%emt 0:00:08]} 2. Nf3 {[%emt 0:00:04]} Nc6 { [%emt
0:00:03]} 3. d4 {[%emt 0:00:02]} f6 {[%emt 0:00:14]} 4. Bc4 {[%emt 0:00:11]}
Bc5 {[%emt 0:00:45]} 5. dxc5 {[%emt 0:00:07]} d6 {[%emt 0:00:07]} 6. cxd6
{[%emt 0:00:05]} cxd6 {[%emt 0:00:04]} 7. Qd5 {[%emt 0:00:10]} Qe7 {[%emt
0:00:07]} 8. Nc3 {[%emt 0:00:41]} Be6 {[%emt 0:00:12]} 9. Qxe6 {[%emt 0:00:06]}
Qxe6 {[%emt 0:00:10]} 10. Bxe6 {[%emt 0:00:02]} Nge7 {[%emt 0:00:00]} 11. Be3 {
[%emt 0:00:07]} Nd8 {[%emt 0:00:03]} 12. Bb3 {[%emt 0:00:08]} Nf7 {[%emt
0:00:04]} 13. Rd1 {[%emt 0:00:09]} O-O {[%emt 0:00:48]} 14. Rxd6 {[%emt
0:00:28]} Kh8 {[%emt 0:00:11]} 15. Rd7 {[%emt 0:00:06]} Ng6 {[%emt 0:00:05]}
1-0